Jednoduché účtovníctvo a daň z príjmov obyvateľstva

Guardado en:
Detalles Bibliográficos
Formato: Libro
Lenguaje:eslovaco
Publicado: Žilina Poradca podnikateľa 1992
Edición:1. vyd.
Materias:
Etiquetas: Agregar Etiqueta
Sin Etiquetas, Sea el primero en etiquetar este registro!

MARC

LEADER 00000nam a2200000 4500
001 c000523
005 20221214085807.5
020 |a 80-85437-16-3 
041 0 |a slo 
044 |a SK 
245 1 0 |a Jednoduché účtovníctvo a daň z príjmov obyvateľstva 
250 |a 1. vyd. 
264 1 |a Žilina  |b Poradca podnikateľa  |c 1992 
300 |a 112 s. 
610 2 0 |a účtovníctvo jednoduché 
610 2 0 |a sústava daňová 
610 2 0 |a dane z príjmov 
610 2 0 |a evidencia prvotná 
610 2 0 |a knihy účtovné 
610 2 0 |a denníky účtovné 
610 2 0 |a evidencia hospodárska